Rozbor plnenia noriem času
Rozbor plnenia noriem času vo výrobnej jednotke. Rozbor plnenia noriem času pracovníkov. Čo ovplyvňuje plnenie výkonových noriem. Plnenie výkonových noriem a trvanie operácie. Plnenie noriem času a výrobná dávka. Interval trvania operácie. Príklady.
Guardado en:
| Autor principal: | |
|---|---|
| Formato: | Capítulo de libro |
| Lenguaje: | eslovaco |
| Materias: | |
| Etiquetas: |
Sin Etiquetas, Sea el primero en etiquetar este registro!
|
MARC
| LEADER | 00000naa a2200000 4500 | ||
|---|---|---|---|
| 001 | r024927 | ||
| 005 | 20221129133941.8 | ||
| 041 | 0 | |a slo | |
| 044 | |a CZ | ||
| 245 | 1 | 0 | |a Rozbor plnenia noriem času |c Juraj Kubiš |
| 520 | |a Rozbor plnenia noriem času vo výrobnej jednotke. Rozbor plnenia noriem času pracovníkov. Čo ovplyvňuje plnenie výkonových noriem. Plnenie výkonových noriem a trvanie operácie. Plnenie noriem času a výrobná dávka. Interval trvania operácie. Príklady. | ||
| 610 | 2 | 0 | |a normovanie práce |
| 610 | 2 | 0 | |a normy časové |
| 610 | 2 | 0 | |a normy výkonové |
| 610 | 2 | 0 | |a proces výrobný |
| 100 | 1 | |a Kubiš, Juraj | |